Restrukturyzacja przemyslu w warunkach urynkowienia polskiej gospodarki. Mikrorestrukturyzacja.

Predmetová a podmetová štrukturalizácia podnikov a ich strategický program. Faktory majúce vplyv na predmetovú štrukturalizáciu. Podmetová reštrukturalizácia je realizácia čiastkových oblastí technológie a techniky na trhu a ekonomiky. Reštrukturalizácia v oblasti ekonomiky a riadenia. Reštrukturali...

Ausführliche Beschreibung

Gespeichert in:
Bibliographische Detailangaben
1. Verfasser: Pelka, B.
Format: Buchkapitel
Sprache:Polnisch
Schlagworte:
Tags: Tag hinzufügen
Keine Tags, Fügen Sie das erste Tag hinzu!

MARC

LEADER 00000naa a2200000 4500
001 r012215
005 20220826093311.2
041 0 |a pol 
044 |a PL 
245 1 0 |a Restrukturyzacja przemyslu w warunkach urynkowienia polskiej gospodarki.  |b Mikrorestrukturyzacja.  |c B. Pelka 
520 |a Predmetová a podmetová štrukturalizácia podnikov a ich strategický program. Faktory majúce vplyv na predmetovú štrukturalizáciu. Podmetová reštrukturalizácia je realizácia čiastkových oblastí technológie a techniky na trhu a ekonomiky. Reštrukturalizácia v oblasti ekonomiky a riadenia. Reštrukturalizácia v oblasti právno-organizačnej. Privatizácia v Japonsku a V. Británii. 
610 2 0 |a zmeny štruktúrne 
610 2 0 |a mikroekonomika 
610 2 0 |a podnik 
610 2 0 |a technika nová 
610 2 0 |a technológie nové 
610 2 0 |a právo 
610 2 0 |a vlastníctvo 
610 2 0 |a manažment 
610 2 0 |a marketing 
610 2 0 |a organizácia riadenia 
610 2 0 |a stratégia hospodárska 
100 1 |a Pelka, B.